[Event "GER CM06-C email"]
[Site "GER email"]
[Date "2019.06.19"]
[Round "?"]
[White "Shuler, James"]
[Black "Weber, Karlheinz"]
[Result "1/2-1/2"]
[WhiteElo "2373"]
[BlackElo "2359"]
[PlyCount "64"]
[EventDate "2019.??.??"]
[EventType "tourn (corr)"]
[EventRounds "13"]
[EventCountry "GER"]
[SourceTitle "Corr 2024"]
[Source "ChessBase"]
[SourceDate "2023.10.19"]
[SourceVersion "1"]
[SourceVersionDate "2023.10.19"]
[SourceQuality "1"]

1. d4 d5 2. c4 c6 3. Nf3 Nf6 4. e3 e6 5. b3 Nbd7 6. Bb2 Bd6 7. Bd3 0-0 8. 0-0 b6 9. Nbd2 Bb7 10. Qe2 Qe7 11. Rad1 Rad8 12. e4 dxe4 13. Nxe4 Nxe4 14. Qxe4 f5 15. Qe3 c5 16. Ng5 e5 17. d5 f4 18. Qh3 Qxg5 19. Qe6+ Rf7 20. Qxd6 f3 21. g3 Re8 22. Rfe1 Rfe7 23. h4 Qh5 24. b4 cxb4 25. Bf1 Nc5 26. Bh3 Qf7 27. Rxe5 Rxe5 28. Bxe5 Bc8 29. Bxc8 Rxc8 30. Bd4 Qd7 31. Bxc5 Qh3 32. Qe6+ Qxe6 1/2-1/2

[Event "GER CM06-C email"]
[Site "GER email"]
[Date "2019.06.19"]
[Round "?"]
[White "Shuler, James"]
[Black "Woelfelschneider, Peter"]
[Result "1/2-1/2"]
[WhiteElo "2373"]
[BlackElo "2344"]
[PlyCount "70"]
[EventDate "2019.??.??"]
[EventType "tourn (corr)"]
[EventRounds "13"]
[EventCountry "GER"]
[SourceTitle "Corr 2024"]
[Source "ChessBase"]
[SourceDate "2023.10.19"]
[SourceVersion "1"]
[SourceVersionDate "2023.10.19"]
[SourceQuality "1"]

1. e4 e5 2. Nf3 Nc6 3. Bb5 Nf6 4. d3 Bc5 5. c3 0-0 6. 0-0 d6 7. h3 Ne7 8. d4 Bb6 9. Re1 d5 10. Nxe5 Nxe4 11. Nd2 Nd6 12. Bd3 f6 13. Nef3 c6 14. Nb3 Bf5 15. Nc5 Re8 16. Bf4 Bxd3 17. Qxd3 Bxc5 18. dxc5 Ne4 19. b4 a5 20. Bh2 axb4 21. cxb4 Ng6 22. Nd4 Ne5 23. Qc2 Ra3 24. Nb3 Qa8 25. f3 Ng5 26. Nd4 Ngf7 27. Re2 Nd3 28. Kh1 Nfe5 29. Rb1 h6 30. Nf5 Ng6 31. Rd2 Ngf4 32. Bxf4 Nxf4 33. Nd6 Ree3 34. Qf5 Ne6 35. b5 cxb5 1/2-1/2